000 00524nam a22002057a 4500
001 00028668
005 20260330110317.0
008 260330b ag ||||| |||| 00| 0 spa d
020 _a8467418044
040 _aAR-CcCEOS
_bspa
_cAR-CcCEOS
041 _aspa
080 _a820-3(73)
090 _bKIN
100 1 _aKing, Ross
_9990
245 _aEx libris /
_cRoss King
264 _aBarcelona :
_bPlaneta,
_cc2005.
300 _a563 p. ;
_c24x15 cm.
655 0 _aliteratura inglesa
_vnovela
_9904
942 _2udc
_cBK
_n0
999 _c28701
_d28701